• 首页
  • 本馆介绍
  • 公告通知
  • 最新文献
  • 馆藏检索
  • 电子资源
  • 读者导购
  • 参考咨询
  • 我的图书馆
  • 登录
  • 详细信息显示
  • 放入我的书架
  • 预约/预借图书
  • 作者相关作品
  • 分类相关作品
  • 丛书相关作品
  • 出版社相关作品

书目信息

  • 表格格式
  • 工作单格式
  • 卡片格式
题名:
国家教师资格考试专用教材
    
 
作者: ;山香教师资格考试命题研究中心 主编
分册:   历史学科知识与教学能力
出版信息: 北京   首都师范大学出版社  2020.6
页数: 343页
开本: 29cm
丛书名:
单 册:
中图分类: G451.1 , G633.512
科图分类:
主题词: 教师--资格考试--教材 , 中学历史课--教学法--高中--资格考试--教材
电子资源:
ISBN: 978-7-5656-5504-3
000 01096nam0 2200265 45
001 012001003412
005 20140909144216.0
010    @a978-7-5656-5504-3@dCNY56.00
100    @a20200930d2020 em y0chiy0110 ea
101 0  @achi
102    @aCN@b110000
105    @aa z 000yy
106    @ar
200 1  @a国家教师资格考试专用教材@Aguo jia jiao shi zi ge kao shi zhuan yong jiao cai@i历史学科知识与教学能力@i高级中学@f山香教师资格考试命题研究中心主编
210    @a北京@c首都师范大学出版社@d2020.6
215    @a343页@c图@d29cm
300    @a教师资格考试备考全程规划 专用教材 系统复习
330    @a本书共分两部分。第一部分为“学科专业知识”,内容包括:中外历史知识、历史学科理论基础;第二部分为“学科教学能力”,内容包括:历史教学设计、历史教学实施、历史教学评价等。
606 0  @a教师@x资格考试@j教材
606 0  @a中学历史课@x教学法@x高中@x资格考试@j教材
690    @aG451.1@v5
690    @aG633.512@v5
711 02 @a山香教师资格考试命题研究中心@Ashan xiang jiao shi zi ge kao shi ming ti yan jiu zhong xin@4主编
801    @aCN@bAHXH@c20210922
905    @b1326017-20@dG451.1@e481@f4
    
    国家教师资格考试专用教材.历史学科知识与教学能力.高级中学/山香教师资格考试命题研究中心主编.-北京:首都师范大学出版社,2020.6
    343页:图;29cm
    教师资格考试备考全程规划 专用教材 系统复习
    
    ISBN 978-7-5656-5504-3:CNY56.00
    本书共分两部分。第一部分为“学科专业知识”,内容包括:中外历史知识、历史学科理论基础;第二部分为“学科教学能力”,内容包括:历史教学设计、历史教学实施、历史教学评价等。
●
相关链接 在E读中查询图书 在五车中查询图书 在当当中查询图书 在豆瓣中查询图书


正题名:国家教师资格考试专用教材     索取号:G451.1/481         预约/预借

序号 登录号 条形码 馆藏地/架位号 状态 备注
1 1326017   213260175   第一样本阅览室/ [索取号:G451.1/481] 在馆    
2 1326018   213260184   第四借阅区/ [索取号:G451.1/481] 在馆    
3 1326019   213260193   第四借阅区/ [索取号:G451.1/481] 在馆    
4 1326020   213260200   第四借阅区/ [索取号:G451.1/481] 在馆    
唐山师范学院图书馆 欢迎您!
大连网信软件有限公司© 版权所有